Riconosci l'Anno dagli eventi - Quiz n°39 - Statistics

Statistiche generali
  • Questo quiz è stato fatto 13 volte
  • Il punteggio medio è 9 su 11
Statistiche sulle risposte
Indizio Risposta % Corretto
A Tancredi di Sicilia, dinastia dei Normanni, famiglia Altavilla diventa re di Sicilia
100%
E Aprile -- Filippo II, re di Francia, espelle gli ebrei da Parigi.
92%
C Battaglia di Palnadu: la guerra civile di Kalachuri termina con la vittoria dei Kalachuri di Palanati in India guidati da Nalagama Raju
92%
F Maggio -- Fine dell'era Yowa in Giappone, segnata dalla carestia.
92%
B Nasce il Palio dell'Assunta di Fermo, il palio più vecchio d'Italia.
92%
I 14 settembre - Leggenda di Nazaré: Don Fuas Roupinho, alcalde (sindaco) del castello di Porto de Mós, viene ispirato da un miracolo di Maria ad erigere il Santuario di Nostra Signora di Nazaré nell'omonima città in Portogallo. Poco dopo, mentre tenta di entrare di sorpresa nel porto di Ceuta per affondare le navi islamiche che vi risiedono, viene avvistato e ucciso.
83%
D Aprile -- Massacro dei Latini a Costantinopoli.
83%
L La chiesa maronita torna ad essere affiliata a quella cattolica.
83%
H Maggio -- 12 maggio: Muore il re di Danimarca Waldemar I, gli succede il figlio Canuto VI.
83%
G Maggio -- Il re d'Ungheria Béla III saccheggia la capitale serba di Belgrado. Per salvarsi e mantenere la loro indipendenza, i serbi si alleano con i magiari stessi.
83%
Anno 1182
0%
Nessun quiz corrispondente trovato
Distribuzione punteggi
Percentuale di utenti per punteggio
Percentile per numero di risposta
I tuoi punteggi nel tempo
Non hai fatto questo quiz